000 00301nam a2200121Ia 4500
008 191201s2020 xx 000 0 und d
100 _aCHOPRA, Rajiv
245 0 _aDesign and Analysis of Algorithms
260 _bNew Age International
_c2020
300 _a626
650 _aB.Tech(IT)
942 _2ddc
_cBK
999 _c7125
_d7125